The Discovery of India / (Record no. 187340)
[ view plain ]
| 000 -LEADER | |
|---|---|
| fixed length control field | 00818 a2200181 4500 |
| 003 - CONTROL NUMBER IDENTIFIER | |
| control field | NUST |
| 005 - DATE AND TIME OF LATEST TRANSACTION | |
| control field | 20230202131407.0 |
| 040 ## - CATALOGING SOURCE | |
| Transcribing agency | Nust |
| 082 ## - DEWEY DECIMAL CLASSIFICATION NUMBER | |
| Classification number | 954,NEH |
| 100 ## - MAIN ENTRY--PERSONAL NAME | |
| Personal name | Nehru, Jawarhalal |
| 9 (RLIN) | 108498 |
| 245 ## - TITLE STATEMENT | |
| Title | The Discovery of India / |
| Statement of responsibility, etc. | Jawaharlal Nehru |
| 260 ## - PUBLICATION, DISTRIBUTION, ETC. | |
| Place of publication, distribution, etc. | India |
| Name of publisher, distributor, etc. | The Signet |
| Date of publication, distribution, etc. | 1946 |
| 300 ## - PHYSICAL DESCRIPTION | |
| Extent | 711 p.; |
| 505 ## - FORMATTED CONTENTS NOTE | |
| Formatted contents note | Ahmadnagar Fort (Page-1), Badenweiler : Lausanne (Page-29), Three: The Quest (Page-41), The Discovery of India (Page-63), Five: Through the Ages (Page-143), New Problem (Page-261), The Last Phase: Consolidation of British (Page-339), The Last Phase (2): Nationalism Versus (Page-420), The Last Phase (3) : World War Two (Page-493), Ahmadnagar Fort Again (Page-581). |
| 600 ## - SUBJECT ADDED ENTRY--PERSONAL NAME | |
| Personal name | Jawaharlal Nehru |
| 9 (RLIN) | 54049 |
| 650 ## - SUBJECT ADDED ENTRY--TOPICAL TERM | |
| Topical term or geographic name entry element | The Discovery of India |
| 9 (RLIN) | 108499 |
| 942 ## - ADDED ENTRY ELEMENTS (KOHA) | |
| Source of classification or shelving scheme | |
| Koha item type | Book |
| Call number prefix | 954,NEH |
| Withdrawn status | Lost status | Source of classification or shelving scheme | Damaged status | Not for loan | Permanent Location | Current Location | Shelving location | Date acquired | Total Checkouts | Full call number | Barcode | Date last seen | Date last checked out | Price effective from | Koha item type | Public note |
|---|---|---|---|---|---|---|---|---|---|---|---|---|---|---|---|---|
| Military College of Signals (MCS) | Military College of Signals (MCS) | General Stacks | 12/12/2016 | 1 | 954,NEH | MCS29136 | 05/05/2023 | 03/31/2023 | 12/12/2016 | Book | Almirah No.61, Shelf No.3 |
